| 000 | 012260000a22002050004500 | ||
|---|---|---|---|
| 020 | _a1-57658-293-0 | ||
| 041 | 0 | _aSPA | |
| 082 | 0 | 4 | _aG 257.9 C9731p |
| 100 | 1 | _aCunningham, Loren | |
| 245 | 1 | 0 | _a¿Por qué no la mujer? : Una nueva perspectiva bíblica sobre la mujer en la misión, el ministerio y el liderazgo / Loren Cunningham, David Joel Hamilton; Antonio Pérez, Traductor |
| 260 | _aTyler, TX. : JUCUM | ||
| 300 | _a297 Pag | ||
| 500 | _aTítulo original : Why Not Women? A Fresh Look at Scripture on Women in Missions, Ministry, and Leadership | ||
| 505 | 0 | 0 | _aTus dones y tu destino - Mujeres profetisas, evangelistas y maestras - Hijas de Pandora - Hijas de Venus - Hijas de Eva - Distorsión de la imagen - Jesús derribó los muros - Pablo revolucionó el mundo de su época - El evangelio llega a la ciudad del pecado en el año 50 - ¿Qué significa ser cabeza? - La oración y la profecía - ¿Deben las mujeres guardar silencio? - Aprender a ministrar - "No permito a las mujeres enseñar" - La solución redentora de Pablo - Mujeres líderes también |
| 001 | 12187 | ||
| 942 | _cBK | ||
| 999 |
_c41213 _d41213 |
||
| 336 |
_atexto _btxt _2rdacontent |
||
| 337 |
_2rdamedia _asin mediación _bn |
||
| 338 |
_2rdacarrier _avolumen _bnc |
||